RESEARCH METHODLOGY (Record no. 21592)

MARC details
000 -LEADER
fixed length control field 00406nam a22001697a 4500
003 - CONTROL NUMBER IDENTIFIER
control field SGT
020 ## - INTERNATIONAL STANDARD BOOK NUMBER
International Standard Book Number 978-93-86649-22-5
082 ## - DEWEY DECIMAL CLASSIFICATION NUMBER
Classification number 610.72
Item number R21K
100 ## - MAIN ENTRY--PERSONAL NAME
Personal name KOTHARI, C.R
245 ## - TITLE STATEMENT
Title RESEARCH METHODLOGY
250 ## - EDITION STATEMENT
Edition statement 4TH
260 ## - PUBLICATION, DISTRIBUTION, ETC. (IMPRINT)
Place of publication, distribution, etc NEW DELHI
Name of publisher, distributor, etc NEW AGE INTERNATIONAL
Year of Publication 2021
300 ## - PAGE DESCRIPTION
No. of Pages 458
650 ## - SUBJECT ADDED ENTRY--TOPICAL TERM
Topical term or geographic name as entry element AYURVEDA
653 ## - KEYWORDS--INDEX TERM
Keyword term RESEARCH , RESEARCH METHODLOGY, METHODLOGY
942 ## - ADDED ENTRY ELEMENTS (KOHA)
Source of classification or shelving scheme Dewey Decimal Classification
Koha item type Books
942 ## - ADDED ENTRY ELEMENTS (KOHA)
-- 22
Holdings
Withdrawn status Lost status Source of classification or shelving scheme Damaged status Not for loan Collection code Home library Current library Shelving location Date acquired Vendor Name Cost, normal purchase price SGTU Bill Number Total Checkouts Full call number Accession No. (Barcode) Date last seen Date last borrowed Bill Date Koha item type
    Dewey Decimal Classification     AYURVEDA SGT FA-FP Library SGT FA-FP Library Text Book 17/07/2021 AHUJA PUB 399.00 SGTU 13091 1 610.72 R21K FA10656 03/10/2024 19/09/2024 10/06/2021 Books
    Dewey Decimal Classification     AYURVEDA SGT FA-FP Library SGT FA-FP Library Text Book 17/07/2021 AHUJA PUB 399.00 SGTU 13091 4 610.72 R21K FA10657 08/06/2024 11/05/2024 10/06/2021 Books
    Dewey Decimal Classification     AYURVEDA SGT FA-FP Library SGT FA-FP Library Text Book 17/07/2021 AHUJA PUB 399.00 SGTU 13091 9 610.72 R21K FA10658 24/03/2025 04/03/2025 10/06/2021 Books
    Dewey Decimal Classification     AYURVEDA SGT FA-FP Library SGT FA-FP Library Text Book 17/07/2021 AHUJA PUB 399.00 SGTU 13091 7 610.72 R21K FA10659 03/10/2024 19/09/2024 10/06/2021 Books
    Dewey Decimal Classification     AYURVEDA SGT FA-FP Library SGT FA-FP Library Text Book 17/07/2021 AHUJA PUB 399.00 SGTU 13091 4 610.72 R21K FA10660 16/09/2023 12/09/2023 10/06/2021 Books
    Dewey Decimal Classification     AYURVEDA SGT FA-FP Library SGT FA-FP Library Text Book 17/07/2021 AHUJA PUB 399.00 SGTU 13091 2 610.72 R21K FA10661 27/05/2024 21/05/2024 10/06/2021 Books
    Dewey Decimal Classification     AYURVEDA SGT FA-FP Library SGT FA-FP Library Text Book 17/07/2021 AHUJA PUB 399.00 SGTU 13091   610.72 R21K FA10662 17/07/2021   10/06/2021 Books
    Dewey Decimal Classification     AYURVEDA SGT FA-FP Library SGT FA-FP Library Text Book 17/07/2021 AHUJA PUB 399.00 SGTU 13091 2 610.72 R21K FA10663 03/10/2024 19/09/2024 10/06/2021 Books
    Dewey Decimal Classification     AYURVEDA SGT FA-FP Library SGT FA-FP Library Text Book 17/07/2021 AHUJA PUB 399.00 SGTU 13091 8 610.72 R21K FA10664 24/09/2024 19/09/2024 10/06/2021 Books
    Dewey Decimal Classification     AYURVEDA SGT FA-FP Library SGT FA-FP Library Text Book 17/07/2021 AHUJA PUB 399.00 SGTU 13091 6 610.72 R21K FA10665 22/11/2025 01/09/2025 10/06/2021 Books